000 00256nam a22001217a 4500
003 OSt
008 150215b xxu||||| |||| 00| 0 eng d
100 1 _aSloane,George B.
041 _aeng
245 1 0 _aSloane's Column
260 _b1961
_c1980
300 _a0 pages
999 _c659
_d659